|
|
|
|
| LEADER |
00000cam a2200000 a 4500 |
| 001 |
vtls009295232 |
| 003 |
SK-MaSNL |
| 005 |
20260426012004.0 |
| 008 |
080519s2004 au f 100 0 ger |
| 020 |
|
|
|a 3830505663
|q (viaz.)
|
| 040 |
|
|
|a SNK
|b slo
|c SNK
|e AACR2
|
| 041 |
0 |
|
|a ger
|
| 043 |
|
|
|a et-----
|a e------
|
| 044 |
|
|
|a au
|c AT
|
| 072 |
|
7 |
|a 349
|x Pracovné, sociálne, stavebné právo. Právo životného prostredia
|2 konspekt
|
| 080 |
|
|
|a 349.6
|2 2001
|
| 080 |
|
|
|a 340.137
|2 2001
|
| 080 |
|
|
|a (4-191.2)+(4-11)
|2 2001
|
| 080 |
|
|
|a (4)
|2 2001
|
| 080 |
|
|
|a (082)
|2 2001
|
| 245 |
0 |
0 |
|a Umweltrecht in Mittel- und Osteuropa im internationalen und europäischen Kontext
|b Festgabe für Henn-Jüri Uibopuu zum 75. Geburtstag
|c herausgegeben von Michael Geistlinger unter Mitarbeit von Sarah Fussek
|
| 260 |
|
|
|a Wien
|b Neuer Wissenschaftlicher Verlag
|c c2004
|
| 300 |
|
|
|a 759 s.
|c 21 cm
|
| 490 |
1 |
|
|a Osteuropaforschung
|v Bd. 46
|
| 500 |
|
|
|a Príspevky z konferencie "Fachtagung Recht der Deutschen Gesellschaft für Osteuropakunde", konanej 2.-4.10. 2002 v Salzburgu
|
| 650 |
0 |
7 |
|a environmentálne právo
|2 SNKPH
|9 192070
|
| 650 |
0 |
7 |
|a harmonizácia práva
|2 SNKPH
|9 89744
|
| 651 |
|
7 |
|a Európa stredná
|2 SNKPHgeo
|9 23970
|
| 651 |
|
7 |
|a Európa východná
|2 SNKPHgeo
|9 167635
|
| 655 |
|
7 |
|a zborníky
|2 SNKPH
|9 70165
|
| 655 |
|
7 |
|a štúdie
|2 SNKPH
|9 57033
|
| 700 |
1 |
|
|a Geistlinger, Michael
|4 edt
|9 524919
|
| 700 |
1 |
|
|a Fussek, Sarah
|4 edt
|9 697083
|
| 830 |
|
0 |
|a Osteuropaforschung
|9 382911
|
| 919 |
|
|
|a 3-8305-0566-3
|
| 999 |
|
|
|c 1085813
|d 1087743
|
| 952 |
|
|
|a SNK
|b SNK
|y VYP
|7 0
|p 17A0590293
|o snkIC 136645
|i snk2008/12450
|8 2
|g 114.69
|0 0
|1 0
|4 0
|d 2008-05-19
|l 0
|r 2026-02-24 16:40:04
|w 2026-02-24
|